| 000 | 00000nam##2200000za#4500 |
| 001 | 9.645672 |
| 003 | CaOODSP |
| 005 | 20250319164514 |
| 007 | ta |
| 008 | 150407|1994||||xxc||||| f|0| 0 eng|d |
| 020 | |a0-662-22588-0 |
| 040 | |aCaOODSP|beng |
| 043 | |an-cn--- |
| 086 | 1 |aH72-21/121-1994E |
| 110 | 2 |aNational Clearinghouse on Family Violence (Canada). |
| 245 | 10|aIntergenerational conflict and the prevention of abuse against older persons : |bfinal report to Health Canada / |cby J. A. Tindale et al. |
| 260 | |aOttawa - Ontario : |bHealth Canada. |c1994. |
| 300 | |a13p. : |c28 cm. |
| 500 | |a"In this report the literature on elder abuse has been examined to ask two pointed questions. Is it likely that the social construction of parent-child relationships over the family life cycle is associated with child-to-parent elder abuse later on? If so, are there preventive strategies that families and practitioners can consider?"--Introduction. |
| 504 | |aBibliography. |
| 520 | 3 |aIn this report the literature on elder abuse has been examined to ask two pointed questions. Is it likely that the social construction of parent-child relationships over the family life cycle is associated with child-to-parent elder abuse later on? If so, are there preventive strategies that families and practitioners can consider?--Introduction |
| 563 | |aSoftcover |
| 590 | |a94-47|b1994-11-25 |
| 690 | 07|aSeniors|2gcpds |
| 690 | 07|aFamily violence|2gcpds |
| 720 | 1 |aTindale, J. A. |
| 775 | 08|tConflit de générations et prévention des mauvais traitements envers les aînés : |w(CaOODSP)9.679320 |
| 776 | 0#|tIntergenerational conflict and the prevention of abuse against older persons : |w(CaOODSP)9.695552 |